The EU Sugar Industry Analysis

Súčasnú situácia a vývoj trhu s cukrom v krajinách Európskej únie. Situácia v produkcii cukrovej trstiny v členských štátoch EÚ a trend vývozu a dovozu cukru. Vplyv cien ropy a zmeny vzájomných výmenných kurzov na stabilitu trhu s cukrom.

Salvato in:
Dettagli Bibliografici
Autore principale: Petrovčiková, Katarína, 1977-
Altri autori: Lieskovská, Vanda, 1961-, Yeginbayeva, Akzhan
Natura: Capitolo di libro
Lingua:inglese
Soggetti:
Tags: Aggiungi Tag
Nessun Tag, puoi essere il primo ad aggiungerne!!

MARC

LEADER 00000naa a2200000 4500
001 0282723
005 20240502074406.0
041 0 |a eng 
044 |a SK 
245 1 0 |a The EU Sugar Industry Analysis  |c Katarína Petrovčiková, Vanda Lieskovská, Akzhan Yeginbayeva 
520 |a Súčasnú situácia a vývoj trhu s cukrom v krajinách Európskej únie. Situácia v produkcii cukrovej trstiny v členských štátoch EÚ a trend vývozu a dovozu cukru. Vplyv cien ropy a zmeny vzájomných výmenných kurzov na stabilitu trhu s cukrom. 
610 2 0 |a priemysel cukrovarnícky 
610 2 0 |a cukor 
610 2 0 |a vývoz 
610 2 0 |a dovoz 
610 2 0 |a ropa 
610 2 0 |a kurz výmenný 
610 2 0 |a Európska únia 
100 1 |a Petrovčiková, Katarína, 1977- 
700 1 |a Lieskovská, Vanda, 1961- 
700 1 |a Yeginbayeva, Akzhan